Foundations in modern mathematics / (Record no. 180061)

000 -LEADER
fixed length control field 00725 a2200181 4500
003 - CONTROL NUMBER IDENTIFIER
control field NUST
005 - DATE AND TIME OF LATEST TRANSACTION
control field 20221101135138.0
010 ## - LIBRARY OF CONGRESS CONTROL NUMBER
LC control number 6621104
040 ## - CATALOGING SOURCE
Transcribing agency Nust
082 ## - DEWEY DECIMAL CLASSIFICATION NUMBER
Classification number 510,MAY
100 ## - MAIN ENTRY--PERSONAL NAME
Personal name May, W. Graham
9 (RLIN) 102208
245 ## - TITLE STATEMENT
Title Foundations in modern mathematics /
Statement of responsibility, etc. W. Graham May
260 ## - PUBLICATION, DISTRIBUTION, ETC.
Place of publication, distribution, etc. London
Name of publisher, distributor, etc. Blaisdell
Date of publication, distribution, etc. 1967
300 ## - PHYSICAL DESCRIPTION
Extent 322 p.:
505 ## - FORMATTED CONTENTS NOTE
Formatted contents note Sets Relations and Functions (Page-1),The Structures of Algebra (Page-20), Algebra with Geometry (Page-47), Basic Trigononometry (Page-92), Functions of Trigonometry (Page-125), Complex Numbers (Page-164), Elementary Functions (Page-184), Concepts with Lines (Page-216), Polynomial Equations (Page-248).
650 ## - SUBJECT ADDED ENTRY--TOPICAL TERM
Topical term or geographic name entry element Mathematics
942 ## - ADDED ENTRY ELEMENTS (KOHA)
Source of classification or shelving scheme
Koha item type Book
Call number prefix 510,MAY
Holdings
Withdrawn status Lost status Source of classification or shelving scheme Damaged status Not for loan Permanent Location Current Location Shelving location Date acquired Full call number Barcode Date last seen Price effective from Koha item type Public note
          Military College of Signals (MCS) Military College of Signals (MCS) General Stacks 12/12/2016 510,MAY MCS7652 12/08/2016 12/12/2016 Book Almirah No.10, Shelf No.1
© 2023 Central Library, National University of Sciences and Technology. All Rights Reserved.